[Event "Power Solutions Arctic Chess NGP 2026"]
[Site "UiT Campus Alta"]
[Date "2026.02.19"]
[Round "3"]
[White "Jørgensen, Catherine"]
[Black "Heatta, Simon M."]
[Result "1/2-1/2"]
[WhiteElo "1610"]
[BlackElo "1459"]
[PlyCount "195"]
[EventDate "2026.??.??"]

1. e4 c6 2. Nf3 d5 3. Nc3 dxe4 4. Nxe4 Bf5 5. Qe2 Bxe4 6. Qxe4 Nf6 7. Qb4 Qc7
8. Qb3 g6 9. Bc4 e5 10. Ng5 Nd5 11. Bxd5 cxd5 12. Qxd5 Bg7 13. c3 O-O 14. O-O
Nc6 15. Re1 Rad8 16. Qc4 Bh6 17. Nf3 Rfe8 18. d3 Bg7 19. Be3 a6 20. Rad1 Qd7
21. Rd2 b5 22. Qb3 Qf5 23. Red1 Rd6 24. d4 e4 25. Nh4 Qh5 26. g3 Na5 27. Qc2
Bf6 28. Ng2 Nc4 29. Re2 Rc8 30. Nf4 Qf5 31. Qb3 g5 32. Ng2 Qf3 33. Rde1 Re6 34.
Qd1 Rd6 35. Bc1 Re6 36. Ne3 Nxe3 37. Rxe3 Qxd1 38. Rxd1 g4 39. Re2 Bg7 40. Bf4
f5 41. Rc1 Bh6 42. Bxh6 Rxh6 43. Rec2 Rd6 44. Rd2 Kf7 45. b3 Rdc6 46. Rdc2 Ke6
47. c4 Kd6 48. Kf1 h6 49. Ke2 Ke7 50. Ke3 Kf6 51. Kf4 h5 52. Ke3 R6c7 53. d5
Ke5 54. Rc3 b4 55. R3c2 Rc5 56. Rd2 Rd8 57. Rcd1 Rc7 58. d6 Rcd7 59. Rd5+ Ke6
60. c5 Rc8 61. Kd4 Rb8 62. Kc4 Rb5 63. Rh1 Rb8 64. h3 gxh3 65. Rxh3 Rh8 66. Rh4
Rh6 67. Rd4 Ke5 68. Rd5+ Ke6 69. Rh1 Rdh7 70. c6 h4 71. c7 Kd7 72. gxh4 Rxh4
73. Rxh4 Rxh4 74. Kd4 Rh6 75. Ke5 e3 76. fxe3 Re6+ 77. Kxf5 Rxe3 78. Rc5 Re8
79. Re5 Rf8+ 80. Ke4 Kxd6 81. Rb5 Kxc7 82. Rc5+ Kb6 83. Rc1 Rh8 84. Kd5 Rh5+
85. Ke6 Rc5 86. Rd1 a5 87. Kd6 Kb5 88. Ra1 Rh5 89. Rc1 Rh6+ 90. Kd5 Rh5+ 91.
Kd4 a4 92. bxa4+ Kxa4 93. Rc2 Ka3 94. Rf2 Rh4+ 95. Kc5 Rh5+ 96. Kc4 Rh4+ 97.
Kc5 Rh3 98. Kc4 1/2-1/2

[Event "Power Solutions Arctic Chess NGP 2026"]
[Site "UiT Campus Alta"]
[Date "2026.02.20"]
[Round "4"]
[White "Eriksen, Tom G."]
[Black "Hynne, Sigurd"]
[Result "1-0"]
[WhiteElo "1724"]
[BlackElo "1751"]
[PlyCount "124"]
[EventDate "2026.??.??"]

1. d4 Nf6 2. Bf4 c5 3. e3 Qb6 4. Nc3 d6 5. Rb1 g6 6. Nf3 Bg7 7. h3 O-O 8. Be2
cxd4 9. exd4 d5 10. O-O Bf5 11. Nb5 Rc8 12. Bd3 Bxd3 13. Qxd3 Nbd7 14. Rfe1 e6
15. Ne5 a6 16. Na3 Nxe5 17. Bxe5 Rc6 18. c3 Qd8 19. Nc2 b5 20. Nb4 Rc4 21. Qe2
Ne8 22. Nd3 Rcc8 23. a4 Bxe5 24. Qxe5 Qf6 25. Ra1 Qxe5 26. dxe5 Kg7 27. axb5
axb5 28. Nb4 Rxa1 29. Rxa1 Rc4 30. Rd1 f6 31. Nd3 fxe5 32. Nxe5 Ra4 33. Nc6 Ra2
34. Rd2 Ra1+ 35. Kh2 Nd6 36. Re2 Kf6 37. Ne5 Ra2 38. Ng4+ Ke7 39. Ne3 Kd7 40.
g4 Ne4 41. Nd1 Kd6 42. f3 Nc5 43. Kg2 Nd3 44. Rd2 Nf4+ 45. Kg3 g5 46. h4 h6 47.
hxg5 hxg5 48. Nf2 Kc5 49. b4+ Kc4 50. Rxa2 Kxc3 51. Nh3 Nxh3 52. Kxh3 e5 53.
Re2 Kxb4 54. Rxe5 Kc4 55. Rxg5 b4 56. Rg8 b3 57. Rc8+ Kd3 58. g5 b2 59. Rb8 Kc2
60. g6 d4 61. g7 d3 62. g8=Q b1=Q 1-0

[Event "Power Solutions Arctic Chess NGP 2026"]
[Site "UiT Campus Alta"]
[Date "2026.02.20"]
[Round "4"]
[White "Næss, Kristine S."]
[Black "Pylypenko, Ruslan"]
[Result "0-1"]
[WhiteElo "1704"]
[BlackElo "1717"]
[PlyCount "78"]
[EventDate "2026.??.??"]

1. e4 e5 2. Nf3 f5 3. d3 Nc6 4. Bg5 Nf6 5. c3 fxe4 6. dxe4 Bc5 7. Bc4 Bxf2+ 8.
Kf1 Bb6 9. Nbd2 d6 10. Qe2 Qe7 11. Be3 Bxe3 12. Qxe3 Be6 13. Bxe6 Qxe6 14. Ng5
Qe7 15. Qh3 Nd8 16. Ke2 h6 17. Raf1 Rf8 18. Ngf3 Ne6 19. g3 O-O-O 20. Nh4 Qd7
21. Kd1 d5 22. Kc1 dxe4 23. Rd1 Nc5 24. Qxd7+ Rxd7 25. Nc4 Nd3+ 26. Kc2 Ng4 27.
Rhf1 Rfd8 28. Ng2 Nxh2 29. Rh1 Nf3 30. Nce3 Nf2 31. Rxd7 Rxd7 32. Rh5 Rd2+ 33.
Kb3 Nd3 34. Rf5 Rxb2+ 35. Ka3 b5 36. Rf8+ Kb7 37. Rf7 Nd2 38. Rf1 Nxf1 39. Nxf1
Rxg2 0-1

[Event "Power Solutions Arctic Chess NGP 2026"]
[Site "UiT Campus Alta"]
[Date "2026.02.20"]
[Round "4"]
[White "Strømme, Vebjørn C."]
[Black "Thomassen, Markus Ø."]
[Result "1-0"]
[WhiteElo "1704"]
[BlackElo "1628"]
[PlyCount "159"]
[EventDate "2026.??.??"]

1. e4 e5 2. Nf3 Nc6 3. d4 exd4 4. Nxd4 Bb4+ 5. c3 Bc5 6. Be3 Bb6 7. Bc4 Nf6 8.
O-O O-O 9. Bg5 h6 10. Bh4 Ne5 11. Bd3 Ng6 12. Bg3 Re8 13. Qb3 Nxe4 14. Bc4 Rf8
15. Bd5 Nc5 16. Qc2 c6 17. Qxg6 cxd5 18. Qd6 Ne4 19. Qxd5 Nxg3 20. hxg3 Qf6 21.
Nb5 Re8 22. Nd2 Re5 23. Qd3 d5 24. Nf3 Rh5 25. a4 a6 26. a5 axb5 27. axb6 Rxa1
28. Rxa1 Qxb6 29. Ra8 Qc6 30. g4 b6 31. Rxc8+ Qxc8 32. gxh5 Qc6 33. Nd4 Qe8 34.
Qe2 Qa8 35. Nxb5 Qa1+ 36. Kh2 Qa6 37. Nd4 Qc8 38. Qb5 Qd8 39. Qe2 Kf8 40. Qg4
Qc7+ 41. Qg3 Qc8 42. Qd6+ Ke8 43. Qc6+ Qxc6 44. Nxc6 Kd7 45. Nd4 g6 46. Kh3 Kd6
47. b4 Ke5 48. g4 gxh5 49. gxh5 Ke4 50. Kg4 Kd3 51. Nf5 Kxc3 52. Nxh6 Kxb4 53.
Nxf7 Kc3 54. h6 d4 55. Ne5 b5 56. h7 b4 57. h8=Q b3 58. Nf3 b2 59. Qxd4+ Kc2
60. Qxb2+ Kxb2 61. Nd4 Kc3 62. f4 Kxd4 63. Kg5 Kd5 64. Kg6 Ke6 65. f5+ Ke7 66.
Kg7 Ke8 67. f6 Kd7 68. f7 Ke6 69. f8=Q Ke5 70. Qf7 Kd6 71. Qf5 Ke7 72. Qg6 Kd8
73. Qf7 Kc8 74. Qe7 Kb8 75. Qd7 Ka8 76. Kf6 Kb8 77. Ke6 Ka8 78. Kd6 Kb8 79. Kc6
Ka8 80. Qb7# 1-0

[Event "Power Solutions Arctic Chess NGP 2026"]
[Site "UiT Campus Alta"]
[Date "2026.02.20"]
[Round "4"]
[White "Lervik, Anders"]
[Black "Pettersen, Andreas"]
[Result "0-1"]
[WhiteElo "1641"]
[BlackElo "1690"]
[PlyCount "86"]
[EventDate "2026.??.??"]

1. d4 Nf6 2. c4 e6 3. Nf3 Bb4+ 4. Bd2 Bxd2+ 5. Nbxd2 d5 6. e3 O-O 7. Ne5 Nbd7
8. Nxd7 Bxd7 9. Bd3 Qe7 10. O-O b6 11. a3 e5 12. cxd5 exd4 13. e4 Ng4 14. Rc1
Ne5 15. Nb3 Ba4 16. Bc2 d3 17. Bxd3 Nxd3 18. Qxd3 Rfe8 19. Nd2 Qd7 20. Qc3 Rac8
21. f3 c6 22. dxc6 Rxc6 23. Qe3 Rd6 24. Nb1 f5 25. Nc3 Bc6 26. Rcd1 fxe4 27.
Rxd6 Qxd6 28. Nxe4 Qe5 29. Qb3+ Kh8 30. Qb4 Qf4 31. h3 Qe3+ 32. Kh1 Qd3 33. Rc1
Bd7 34. Rc7 Bxh3 35. gxh3 Qxf3+ 36. Kh2 Qf4+ 37. Kh1 Qxc7 38. Nc3 Qg3 39. Ne4
Qf3+ 40. Kh2 Qxe4 41. Qc3 Qe2+ 42. Kh1 Qf1+ 43. Kh2 Qf2+ 0-1

[Event "Power Solutions Arctic Chess NGP 2026"]
[Site "UiT Campus Alta"]
[Date "2026.02.20"]
[Round "4"]
[White "Larsson, Susanne W."]
[Black "Hagestad, Iver D."]
[Result "1-0"]
[WhiteElo "1518"]
[BlackElo "1670"]
[PlyCount "64"]
[EventDate "2026.??.??"]

1. d4 d5 2. Bf4 Bf5 3. Nc3 a6 4. e3 e6 5. Bd3 Bxd3 6. Qxd3 Nf6 7. Nf3 c5 8. e4
c4 9. Qe2 Bb4 10. Bd2 Bxc3 11. Bxc3 Nxe4 12. Bb4 Nc6 13. Ba3 b5 14. c3 a5 15.
Ne5 Nxe5 16. dxe5 Qb6 17. f3 Nc5 18. b4 Nd3+ 19. Kf1 a4 20. Bc1 O-O 21. Be3 Qc7
22. Bd4 Qd8 23. h4 f6 24. exf6 gxf6 25. Qxe6+ Kg7 26. h5 h6 27. g4 Qe8 28. Qf5
Ra6 29. g5 Re6 30. gxf6+ Rfxf6 31. Rg1+ Kf7 32. Qh7+ Kf8 1-0

[Event "Power Solutions Arctic Chess NGP 2026"]
[Site "UiT Campus Alta"]
[Date "2026.02.20"]
[Round "4"]
[White "Heggelund, Iben S."]
[Black "Arild, Steinar"]
[Result "0-1"]
[WhiteElo "1566"]
[BlackElo "1622"]
[PlyCount "132"]
[EventDate "2026.??.??"]

1. d4 d5 2. Nf3 e6 3. Bf4 c5 4. e3 a6 5. c3 Nc6 6. Nbd2 Nf6 7. Be2 cxd4 8. exd4
Bd6 9. Bg3 Bxg3 10. hxg3 Bd7 11. Qc2 Qe7 12. Nb3 b6 13. O-O-O Rc8 14. a3 a5 15.
Bb5 Ne4 16. Rd3 Na7 17. Bxd7+ Qxd7 18. Ne5 Qe7 19. Rf3 Qg5+ 20. Nd2 O-O 21. Rf4
f5 22. Rfh4 Nxf2 23. R1h2 h6 24. Kb1 Qxg3 25. Nf1 Qg5 26. Qxf2 f4 27. Rg4 Qf5+
28. Ka2 Nc6 29. Rhh4 Nxe5 30. Rxf4 Nd3 31. Ne3 Nxf2 32. Nxf5 Rxf5 33. Rxf5 exf5
34. Rf4 Ng4 35. Rxf5 Rd8 36. Kb3 Ne3 37. Rf2 Rd6 38. Re2 Ng4 39. g3 Nf6 40. Rg2
Ne4 41. g4 Rf6 42. Ka4 Rg6 43. Kb5 h5 44. c4 dxc4 45. Kxc4 Rxg4 46. Rxg4 hxg4
47. Kd3 Nd6 48. Ke3 g5 49. Kf2 Kg7 50. Kg3 Kf6 51. Kxg4 Nc4 52. b4 Nxa3 53.
bxa5 bxa5 54. Kf3 Nb5 55. Ke3 a4 56. Kd3 g4 57. d5 a3 58. Kc2 Ke5 59. d6 Kxd6
60. Kb3 Kc5 61. Ka2 g3 62. Kb3 g2 63. Ka2 g1=Q 64. Kb3 Qd1+ 65. Ka2 Qc2+ 66.
Ka1 Qb2# 0-1

[Event "Power Solutions Arctic Chess NGP 2026"]
[Site "UiT Campus Alta"]
[Date "2026.02.20"]
[Round "4"]
[White "Kjellesvig, Mio N."]
[Black "Sandberg, Kim O."]
[Result "0-1"]
[WhiteElo "1615"]
[BlackElo "1547"]
[PlyCount "112"]
[EventDate "2026.??.??"]

1. e4 e5 2. f4 Nc6 3. Nf3 exf4 4. d4 d5 5. exd5 Qxd5 6. Bxf4 Bd6 7. Nc3 Qe6+ 8.
Be2 Bxf4 9. d5 Qd6 10. dxc6 Qxd1+ 11. Rxd1 bxc6 12. O-O Nf6 13. Nd4 Be3+ 14.
Kh1 Bxd4 15. Rxd4 O-O 16. Bf3 Bb7 17. Rc4 Ba6 18. Rf4 Bxf1 19. Bxc6 Rab8 20.
Rxf1 Rxb2 21. Rf2 Rd8 22. Ba4 Rxa2 23. Rf1 Ra3 24. Bb3 Ra5 25. h3 Rd7 26. Re1
g6 27. Rf1 Kg7 28. Re1 Kf8 29. Rf1 Rf5 30. Re1 Re7 31. Rd1 Ne4 32. Nxe4 Rxe4
33. c4 Rfe5 34. Rd7 Re7 35. Rd2 a5 36. Ra2 R7e5 37. Kg1 Re3 38. Ba4 Re2 39. Ra3
R5e3 40. Rxe3 Rxe3 41. Kf2 Ra3 42. Bb5 Ke7 43. Ke2 f6 44. Bc6 Kd6 45. Bb5 c6
46. Ba6 a4 47. Kd2 Rg3 48. h4 a3 49. h5 a2 50. c5+ Kxc5 51. hxg6 hxg6 52. Bd3
a1=Q 53. Bc4 Qd4+ 54. Ke1 Rxg2 55. Bd3 Qg1+ 56. Bf1 Qe3+ 0-1

[Event "Power Solutions Arctic Chess NGP 2026"]
[Site "UiT Campus Alta"]
[Date "2026.02.20"]
[Round "4"]
[White "Vatneødegård, Marie"]
[Black "Jørgensen, Catherine"]
[Result "1-0"]
[WhiteElo "1532"]
[BlackElo "1610"]
[PlyCount "53"]
[EventDate "2026.??.??"]

1. e4 e6 2. d4 d5 3. e5 c5 4. c3 Nc6 5. Nf3 Qb6 6. Bd3 cxd4 7. cxd4 Bd7 8. O-O
Nxd4 9. Nbd2 Bc5 10. Nb3 Nxf3+ 11. Qxf3 Ne7 12. Nxc5 Qxc5 13. Be3 Qc7 14. Qg3
Ng6 15. Bxg6 hxg6 16. Rfc1 Bc6 17. Bc5 Qd8 18. Bd6 Rh6 19. Qe3 Qh4 20. h3 g5
21. Rxc6 bxc6 22. Qb3 Rd8 23. Qb7 Rxd6 24. exd6 g4 25. Qxc6+ Kd8 26. Rc1 gxh3
27. Qc8# 1-0

[Event "Power Solutions Arctic Chess NGP 2026"]
[Site "UiT Campus Alta"]
[Date "2026.02.20"]
[Round "4"]
[White "Heatta, Simon M."]
[Black "Pedersen, Birger"]
[Result "1-0"]
[WhiteElo "1459"]
[BlackElo "1590"]
[PlyCount "47"]
[EventDate "2026.??.??"]

1. e4 c5 2. Nf3 Nc6 3. d4 cxd4 4. Nxd4 a6 5. Be3 g6 6. f4 Bg7 7. Nc3 Qb6 8. Nd5
Qa5+ 9. c3 e6 10. Nb3 Qd8 11. Bb6 exd5 12. Bxd8 Nxd8 13. exd5 Ne7 14. d6 Nf5
15. g4 Nh4 16. Qe2+ Ne6 17. Qf2 g5 18. fxg5 Nxg5 19. O-O-O O-O 20. Qxh4 h6 21.
Nd4 b5 22. Nf5 Kh7 23. Bd3 Bb7 24. Nxh6+ 1-0

[Event "Power Solutions Arctic Chess NGP 2026"]
[Site "UiT Campus Alta"]
[Date "2026.02.20"]
[Round "4"]
[White "Skjarholt, Arne"]
[Black "Homtako, Chloe E."]
[Result "1-0"]
[WhiteElo "1627"]
[BlackElo "1591"]
[PlyCount "91"]
[EventDate "2026.??.??"]

1. e4 c5 2. Nf3 e6 3. d4 cxd4 4. Nxd4 Nc6 5. Nc3 Qc7 6. Be2 a6 7. O-O b5 8. Re1
Bb7 9. Bf1 Nf6 10. Nxc6 Bxc6 11. e5 Nd5 12. Nxd5 Bxd5 13. Bd3 g6 14. a4 b4 15.
a5 Bg7 16. Qe2 Qb7 17. Be4 O-O 18. c4 Bxe4 19. Qxe4 Qxe4 20. Rxe4 Rfc8 21. Be3
Bf8 22. Rd1 Rc7 23. Bb6 Rb7 24. Red4 Rc8 25. b3 Bc5 26. Rxd7 Rbb8 27. Bxc5 Rxc5
28. f4 Rxa5 29. Rc1 Rc5 30. Ra7 Rb6 31. Rd1 Rc8 32. Rd6 Rcb8 33. Rdd7 Rf8 34.
Rd6 Rfb8 35. c5 R6b7 36. Rxb7 Rxb7 37. Rxa6 Rc7 38. c6 Kf8 39. Kf2 Ke7 40. Ke3
f6 41. exf6+ Kxf6 42. Ke4 h6 43. h4 h5 44. Rb6 Kf7 45. Rb7 Rxb7 46. cxb7 1-0

[Event "Power Solutions Arctic Chess NGP 2026"]
[Site "UiT Campus Alta"]
[Date "2026.02.20"]
[Round "4"]
[White "Opdahl, Raymond"]
[Black "Whelan, Niall P."]
[Result "1-0"]
[WhiteElo "1591"]
[BlackElo "1592"]
[PlyCount "86"]
[EventDate "2026.??.??"]

1. e4 e5 2. Nf3 Nc6 3. d4 exd4 4. Nxd4 Qf6 5. Be3 Bc5 6. c3 Nxd4 7. cxd4 Bb4+
8. Nc3 Qe7 9. e5 Bxc3+ 10. bxc3 d5 11. exd6 Qxd6 12. Bc4 Nf6 13. f3 O-O 14. O-O
c6 15. a4 Nd5 16. Qd2 Be6 17. Bf2 a6 18. a5 Rae8 19. Bd3 f5 20. c4 Ne7 21. c5
Qc7 22. Rfe1 Nd5 23. Bc4 Bd7 24. Qa2 Be6 25. Qb3 Qf7 26. g3 Nc7 27. Rxe6 Rxe6
28. Qxb7 Nd5 29. Qxa6 Rb8 30. Bxd5 cxd5 31. Qd3 Rc6 32. Ra2 g6 33. Be3 Qb7 34.
Kg2 Kf7 35. Bf4 Ra8 36. Bd6 Qa6 37. Qb3 Re8 38. Qxd5+ Kg7 39. Be5+ Kh6 40. Qf7
Rxe5 41. dxe5 Rxc5 42. Qf8+ Kh5 43. Qxc5 Qe6 1-0

[Event "Power Solutions Arctic Chess NGP 2026"]
[Site "UiT Campus Alta"]
[Date "2026.02.20"]
[Round "4"]
[White "Kokaas, Magnus"]
[Black "Magnussen, Einar"]
[Result "1-0"]
[WhiteElo "1560"]
[BlackElo "1577"]
[PlyCount "119"]
[EventDate "2026.??.??"]

1. e4 c6 2. d4 d5 3. Nc3 dxe4 4. Nxe4 Nf6 5. Nxf6+ exf6 6. a4 a5 7. c3 Bd6 8.
Be2 O-O 9. Nf3 Re8 10. O-O h5 11. Bd3 Nd7 12. Bc2 Nf8 13. b3 Be6 14. Nh4 g6 15.
Ba3 Bxa3 16. Rxa3 Qd6 17. Ra1 f5 18. Re1 Rad8 19. Qc1 Kg7 20. Qb2 Nh7 21. Rad1
Nf6 22. g3 f4 23. Qb1 fxg3 24. hxg3 Bg4 25. Rxe8 Rxe8 26. Re1 Rxe1+ 27. Qxe1
Nh7 28. f3 Be6 29. Qe5+ Qxe5 30. dxe5 Ng5 31. Kf2 c5 32. c4 Nh7 33. Ng2 Nf8 34.
Nf4 Bd7 35. Be4 b6 36. Nd5 Ne6 37. Nxb6 Be8 38. Bc2 Nd4 39. Bd1 Bc6 40. f4 Kf8
41. Nc8 Bd7 42. Nd6 Bc6 43. Ke3 Ke7 44. Ne4 Ke6 45. Nxc5+ Kf5 46. Kxd4 Ba8 47.
Ke3 Bg2 48. Kf2 Bc6 49. Na6 Ke6 50. Nc7+ Kf5 51. Bc2+ Be4 52. Bd1 Bc6 53. Nb5
Be4 54. Nd6+ Ke6 55. Nxe4 Ke7 56. Ke3 Kd8 57. Kd4 Kd7 58. Kc5 Kc7 59. Nd6 Kd7
60. Nxf7 1-0

[Event "Power Solutions Arctic Chess NGP 2026"]
[Site "UiT Campus Alta"]
[Date "2026.02.20"]
[Round "5"]
[White "Hynne, Sigurd"]
[Black "Vatneødegård, Marie"]
[Result "1-0"]
[WhiteElo "1751"]
[BlackElo "1532"]
[PlyCount "39"]
[EventDate "2026.??.??"]

1. d4 d5 2. c4 dxc4 3. e3 e5 4. Bxc4 exd4 5. exd4 Bd6 6. Nf3 Nf6 7. O-O O-O 8.
Bg5 Bg4 9. Nbd2 h6 10. Bh4 Nbd7 11. Re1 Nb6 12. Bb3 a5 13. a3 Nbd7 14. Qc2 Qc8
15. Ne5 Re8 16. Bxf7+ Kf8 17. Bxe8 Bh5 18. Nxd7+ Nxd7 19. Bxh5 Kg8 20. Re8+ 1-0

[Event "Power Solutions Arctic Chess NGP 2026"]
[Site "UiT Campus Alta"]
[Date "2026.02.20"]
[Round "5"]
[White "Lervik, Anders"]
[Black "Pedersen, Robin"]
[Result "1/2-1/2"]
[WhiteElo "1641"]
[BlackElo "1716"]
[PlyCount "54"]
[EventDate "2026.??.??"]

1. d4 Nf6 2. c4 e5 3. dxe5 Ng4 4. e4 Nxe5 5. Nf3 Bb4+ 6. Nbd2 d6 7. h3 O-O 8.
a3 Bxd2+ 9. Bxd2 Be6 10. Nxe5 dxe5 11. Bc3 Nc6 12. Qxd8 Raxd8 13. Bb4 Rfe8 14.
Bc3 Nd4 15. O-O-O Nb3+ 16. Kc2 Rxd1 17. Kxd1 Rd8+ 18. Kc2 Na1+ 19. Kc1 Nb3+ 20.
Kc2 Nd4+ 21. Kc1 c5 22. Bd3 Bd7 23. Re1 Nb3+ 24. Kb1 Be6 25. Kc2 Nd4+ 26. Kc1
Nb3+ 27. Kc2 Nd4+ 1/2-1/2

[Event "Power Solutions Arctic Chess NGP 2026"]
[Site "UiT Campus Alta"]
[Date "2026.02.20"]
[Round "5"]
[White "Pedersen, Birger"]
[Black "Næss, Kristine S."]
[Result "1/2-1/2"]
[WhiteElo "1590"]
[BlackElo "1704"]
[PlyCount "67"]
[EventDate "2026.??.??"]

1. c4 d6 2. Nc3 Nf6 3. g3 e5 4. d3 c6 5. Bg2 h6 6. Nf3 Bg4 7. O-O Nbd7 8. Be3
Qc7 9. Rc1 Be7 10. Qd2 Nh7 11. b4 Bg5 12. b5 Bxf3 13. Bxf3 Bxe3 14. Qxe3 Ng5
15. Bg2 O-O 16. h4 Ne6 17. Qd2 Rac8 18. a4 Rfd8 19. Qb2 Nf6 20. Ne4 Nxe4 21.
Bxe4 Nc5 22. Bf5 Rb8 23. Qc2 Qe7 24. Bh3 Ne6 25. Bxe6 Qxe6 26. Kh2 Rbc8 27. Qd2
b6 28. e4 c5 29. f3 f5 30. Rf2 Rf8 31. Rcf1 f4 32. g4 Qf6 33. Kh3 g5 34. h5
1/2-1/2

[Event "Power Solutions Arctic Chess NGP 2026"]
[Site "UiT Campus Alta"]
[Date "2026.02.20"]
[Round "5"]
[White "Sandberg, Kim O."]
[Black "Strømme, Vebjørn C."]
[Result "0-1"]
[WhiteElo "1547"]
[BlackElo "1704"]
[PlyCount "88"]
[EventDate "2026.??.??"]

1. e4 Nf6 2. e5 Nd5 3. c4 Nb6 4. d4 d6 5. f4 dxe5 6. fxe5 Nc6 7. c5 Nd5 8. Bb5
Bf5 9. Ne2 e6 10. O-O Be7 11. Ng3 Bg6 12. Nd2 Ne3 13. Qa4 Nxf1 14. Bxc6+ bxc6
15. Qxc6+ Kf8 16. Kxf1 Qd5 17. Qxd5 exd5 18. Nf3 Rb8 19. a3 Rb3 20. Nd2 Rd3 21.
Ne2 Bg5 22. Nf3 Bxc1 23. Rxc1 Rb3 24. Nc3 c6 25. Na4 Ke7 26. Nd2 Rd3 27. Nf3
Rb8 28. Rc3 Rxc3 29. Nxc3 Rxb2 30. Nh4 Bd3+ 31. Kg1 Rb3 32. Na4 Bb5 33. Nf5+
Kf8 34. Nb6 axb6 35. cxb6 Bd3 36. a4 Bxf5 37. a5 Bd3 38. Kf2 Rb5 39. Ke3 Bc4
40. Kf4 Rxa5 41. b7 Rb5 42. Kf5 Rxb7 43. e6 Bd3+ 44. Ke5 Re7 0-1

[Event "Power Solutions Arctic Chess NGP 2026"]
[Site "UiT Campus Alta"]
[Date "2026.02.20"]
[Round "5"]
[White "Pettersen, Andreas"]
[Black "Heatta, Simon M."]
[Result "1-0"]
[WhiteElo "1690"]
[BlackElo "1459"]
[PlyCount "45"]
[EventDate "2026.??.??"]

1. e4 c6 2. Nf3 d5 3. exd5 cxd5 4. d4 Bf5 5. c3 Nc6 6. Bf4 e6 7. Qb3 Qb6 8.
Qxb6 axb6 9. Nbd2 Nf6 10. Bb5 Be7 11. Bc7 Nd7 12. O-O Rc8 13. Bf4 O-O 14. Rfe1
Nf6 15. h3 Ne4 16. Nxe4 Bxe4 17. Be2 Bxf3 18. Bxf3 Na5 19. Bxd5 exd5 20. Rxe7
Rfe8 21. Rae1 Kf8 22. Rxe8+ Rxe8 23. Bd6+ 1-0

[Event "Power Solutions Arctic Chess NGP 2026"]
[Site "UiT Campus Alta"]
[Date "2026.02.20"]
[Round "5"]
[White "Heggelund, Iben S."]
[Black "Vreugdenhil, Maarten"]
[Result "1-0"]
[WhiteElo "1566"]
[BlackElo "1678"]
[PlyCount "68"]
[EventDate "2026.??.??"]

1. d4 Nf6 2. Nf3 d5 3. Bf4 e6 4. e3 c5 5. c3 Nc6 6. Nbd2 Bd6 7. Bg3 c4 8. b3
cxb3 9. axb3 a6 10. b4 Bxg3 11. hxg3 b6 12. Qa4 Bd7 13. Bb5 Nb8 14. Bxd7+ Qxd7
15. b5 O-O 16. Ne5 Qc7 17. c4 dxc4 18. Qxc4 Qb7 19. Qf1 a5 20. Qg1 Qd5 21. Qh2
h6 22. g4 Ne4 23. Nxe4 Qxe4 24. g5 Qh7 25. gxh6 Qxh6 26. Qxh6 gxh6 27. Rxh6 Kg7
28. Rh4 Ra7 29. Ke2 Nd7 30. Rah1 Nf6 31. R4h3 Rc8 32. Rg3+ Kf8 33. Rh8+ Ke7 34.
Rxc8 Rb7 1-0

[Event "Power Solutions Arctic Chess NGP 2026"]
[Site "UiT Campus Alta"]
[Date "2026.02.20"]
[Round "5"]
[White "Thomassen, Markus Ø."]
[Black "Mella, Oddbjørn"]
[Result "1-0"]
[WhiteElo "1628"]
[BlackElo "1492"]
[PlyCount "79"]
[EventDate "2026.??.??"]

1. e4 e5 2. Nf3 Nc6 3. d4 exd4 4. Nxd4 Nge7 5. Nc3 d5 6. Nxc6 bxc6 7. Bf4 g6 8.
exd5 Nxd5 9. Nxd5 cxd5 10. Bb5+ Bd7 11. Qxd5 Bxb5 12. Qxb5+ Qd7 13. Qxd7+ Kxd7
14. O-O-O+ Bd6 15. Bxd6 cxd6 16. Rd3 Rhe8 17. c4 Rac8 18. b3 Re2 19. Rd2 Rce8
20. Rhd1 Rxd2 21. Rxd2 Re1+ 22. Kc2 Kc6 23. Kb2 a5 24. Ka3 Re5 25. Ka4 g5 26.
Rd5 Re2 27. a3 Rxf2 28. Rxg5 f5 29. Kxa5 f4 30. b4 f3 31. b5+ Kb7 32. Rg7+ Kc8
33. gxf3 Rxf3 34. a4 Rf4 35. Rxh7 Rxc4 36. Rh6 Kd7 37. b6 Kc6 38. Rh7 Rc5+ 39.
Ka6 Kd5 40. Rh5+ 1-0

[Event "Power Solutions Arctic Chess NGP 2026"]
[Site "UiT Campus Alta"]
[Date "2026.02.20"]
[Round "5"]
[White "Rist, Nikolai"]
[Black "Skjarholt, Arne"]
[Result "1-0"]
[WhiteElo "1543"]
[BlackElo "1627"]
[PlyCount "28"]
[EventDate "2026.??.??"]

1. d4 d5 2. Bf4 Nf6 3. e3 e6 4. Nf3 Bd6 5. Ne5 O-O 6. Bd3 c5 7. c3 b6 8. Nd2
Qc7 9. Qc2 c4 10. Be2 Nc6 11. Ndf3 Nd7 12. Ng5 f5 13. Nxe6 Qb8 14. Nxf8 Nxf8
1-0

[Event "Power Solutions Arctic Chess NGP 2026"]
[Site "UiT Campus Alta"]
[Date "2026.02.20"]
[Round "5"]
[White "Arild, Steinar"]
[Black "Larsson, Susanne W."]
[Result "1/2-1/2"]
[WhiteElo "1622"]
[BlackElo "1518"]
[PlyCount "119"]
[EventDate "2026.??.??"]

1. e4 d6 2. d4 Nf6 3. Nc3 g6 4. Nge2 c6 5. Ng3 Bg7 6. Be2 b5 7. a3 Bb7 8. d5 a6
9. dxc6 Nxc6 10. O-O h5 11. h3 h4 12. Nh1 Ne5 13. f4 Ned7 14. Bf3 Nc5 15. Re1
a5 16. e5 Bxf3 17. Qxf3 dxe5 18. fxe5 Nfd7 19. e6 Nxe6 20. Nf2 Nd4 21. Qd1 Rc8
22. Nfe4 O-O 23. Bg5 f6 24. Bxh4 Ne5 25. Bf2 Nec6 26. Nc5 b4 27. axb4 axb4 28.
Ne2 f5 29. Nxd4 Nxd4 30. Ne6 Nxe6 31. Rxe6 Qxd1+ 32. Rxd1 Bxb2 33. Rxg6+ Kf7
34. Rg3 Rxc2 35. Rdd3 Bc3 36. Bd4 Rc1+ 37. Kh2 Rc8 38. Rg7+ Kf8 39. Rg5 e6 40.
Rh5 Bxd4 41. Rxd4 b3 42. Rh8+ Ke7 43. Rh7+ Kf6 44. Rb7 R8c3 45. Rdb4 Rb1 46. h4
Rb2 47. Rb8 Kg6 48. Rg8+ Kf7 49. Rg3 Rxg3 50. Kxg3 Kg6 51. Kf3 Kh5 52. g3 e5
53. g4+ Kxh4 54. gxf5+ Kg5 55. Ke4 Rb1 56. Kxe5 Re1+ 57. Kd4 Rb1 58. Rb5 b2 59.
Kc3 Rf1 60. Kxb2 1/2-1/2

[Event "Power Solutions Arctic Chess NGP 2026"]
[Site "UiT Campus Alta"]
[Date "2026.02.20"]
[Round "5"]
[White "Hagestad, Iver D."]
[Black "Liljebakk, Tor A."]
[Result "1-0"]
[WhiteElo "1670"]
[BlackElo "1490"]
[PlyCount "102"]
[EventDate "2026.??.??"]

1. d4 d5 2. Bf4 Nc6 3. Nc3 f6 4. e3 a6 5. Bd3 Be6 6. h3 Bf7 7. Nf3 e6 8. O-O e5
9. dxe5 d4 10. exd4 Nxd4 11. Nxd4 c6 12. e6 Bg6 13. Bxg6+ hxg6 14. Qd3 Ne7 15.
Rad1 c5 16. Nde2 Qxd3 17. Rxd3 Nc6 18. Rfd1 Rd8 19. Nd5 Be7 20. Nxe7 Rxd3 21.
Rxd3 Nxe7 22. Bd6 Nc8 23. Bxc5 Rh5 24. Ba3 Re5 25. Re3 Rxe3 26. fxe3 Nb6 27.
Bc5 Nd5 28. Nf4 Nc7 29. Nxg6 Nxe6 30. Bd4 b5 31. h4 Kf7 32. Nf4 Nf8 33. Nd5 a5
34. a3 Nd7 35. Nc7 b4 36. axb4 axb4 37. Na6 b3 38. cxb3 Ke6 39. Nc5+ Nxc5 40.
Bxc5 Kd5 41. b4 Kc4 42. Kf2 g6 43. Kf3 Kd5 44. Kg4 Ke6 45. h5 g5 46. h6 Kf7 47.
Kf5 g4 48. g3 Kg8 49. Kg6 Kh8 50. b5 f5 51. b6 f4 1-0

[Event "Power Solutions Arctic Chess NGP 2026"]
[Site "UiT Campus Alta"]
[Date "2026.02.20"]
[Round "5"]
[White "Jørgensen, Catherine"]
[Black "Kokaas, Magnus"]
[Result "0-1"]
[WhiteElo "1610"]
[BlackElo "1560"]
[PlyCount "144"]
[EventDate "2026.??.??"]

1. d4 d5 2. c4 Nf6 3. cxd5 Nxd5 4. Nf3 Nc6 5. e4 Nf6 6. Nc3 Bg4 7. d5 Ne5 8.
Be2 Nxf3+ 9. Bxf3 Qd7 10. h3 Bxf3 11. Qxf3 e6 12. dxe6 Qxe6 13. a3 Bd6 14. O-O
O-O 15. Bg5 Qe5 16. Qg3 Qxg3 17. fxg3 Be5 18. Rac1 c6 19. Bxf6 Bxf6 20. Rfe1
Rfe8 21. Re2 Rad8 22. Nd1 Be5 23. g4 c5 24. Nc3 Bxc3 25. Rxc3 b6 26. Kf2 g6 27.
g5 Rd4 28. Kf3 Red8 29. Rcc2 Kf8 30. h4 c4 31. g4 b5 32. h5 a5 33. hxg6 hxg6
34. Kf4 b4 35. axb4 axb4 36. Re3 Ke7 37. Rh3 Ra8 38. Ke5 Rd3 39. Rxd3 cxd3 40.
Rd2 Rd8 41. Kf4 Ke6 42. b3 Rd7 43. Kf3 Ke5 44. Ke3 Rd4 45. Rxd3 Rxe4+ 46. Kf3
Rf4+ 47. Kg3 Ke4 48. Rd7 Rf3+ 49. Kg2 Rxb3 50. Rxf7 Rc3 51. Re7+ Kf4 52. Rb7 b3
53. Kf1 Kxg4 54. Rb5 Kf3 55. Ke1 Kf4 56. Kd2 Rg3 57. Ke1 Rxg5 58. Rxb3 Re5+ 59.
Kf2 Ra5 60. Rb4+ Kf5 61. Rb2 g5 62. Kg2 Ra4 63. Rb5+ Kg4 64. Rb2 Kh4 65. Rc2
Ra3 66. Rc4+ g4 67. Rc8 Ra2+ 68. Kg1 Kh3 69. Rc3+ g3 70. Rf3 Ra1+ 71. Rf1 Rxf1+
72. Kxf1 Kh2 0-1